| 000 | 00821nam a22002535i 4500 | ||
|---|---|---|---|
| 001 | 82119 | ||
| 003 | ES-MaACL | ||
| 005 | 20250815103157.0 | ||
| 007 | t| | ||
| 008 | 041123s1993 sp ||||0| spa d | ||
| 020 | _a84-7432-495-5 | ||
| 080 | _a001:1"19" | ||
| 100 | 1 |
_aMartínez Miguélez, Miguel. _978236 |
|
| 245 | 1 | 3 |
_aEl paradigma emergente : _bhacia una nueva teoría de la racionalidad científica / _cpor Miguel Martínez Miguélez. |
| 250 | _a1ª ed. | ||
| 260 |
_aBarcelona : _bGedisa, _c1993. |
||
| 300 |
_a191 p ; _c23 cm. |
||
| 490 | 1 |
_aLímites de la ciencia ; _vv. 29 |
|
| 504 | _aBibliografía: p. 187-191. | ||
| 650 | 4 |
_aCiencia- _xFilosofía- _yS.XX. _910953 |
|
| 830 | 1 | 0 |
_aLímites de la ciencia (Gedisa) _vv. 29 _9184279 |
| 852 | 4 |
_aES-MaACL _jE-10471 |
|
| 999 |
_c82119 _d82119 |
||